[Event "COL-ch sf"]
[Site "Pereira"]
[Date "2024.03.29"]
[Round "6"]
[White "Valle, Efrain"]
[Black "Ayala Delgado, Sergio Alejandro"]
[Result "0-1"]
[WhiteElo "1941"]
[BlackElo "2089"]
[PlyCount "106"]
[EventDate "2024.03.26"]
[EventType "swiss"]
[EventRounds "11"]
[EventCountry "COL"]
[SourceTitle "CB14_2024"]
[SourceDate "2024.04.01"]
[SourceVersion "1"]
[SourceVersionDate "2024.04.01"]
[SourceQuality "1"]

1. Nf3 d5 2. g3 Bg4 3. Bg2 Nd7 4. d4 c6 5. 0-0 Ngf6 6. Nbd2 e6 7. c4 Be7 8. Re1 0-0 9. b3 a5 10. a3 b5 11. c5 Bh5 12. Bb2 Ne4 13. b4 f5 14. Qb3 Bxf3 15. Nxf3 g5 16. Ne5 Rc8 17. f3 Nd2 18. Qc3 Nxe5 19. dxe5 Nc4 20. e4 f4 21. exd5 cxd5 22. g4 Qe8 23. Bf1 Ne3 24. Bd3 h5 25. h3 Qf7 26. Qd2 Qe8 27. Bd4 Nc4 28. Qc2 Kg7 29. Bxc4 bxc4 30. Kg2 Rh8 31. Rh1 Rc7 32. Rab1 Qa8 33. Qf2 axb4 34. axb4 Ra7 35. Ra1 hxg4 36. fxg4 Rb8 37. Rxa7 Qxa7 38. Ra1 Qb7 39. Ra4 Qb5 40. Qc2 Rb7 41. Bc3 d4 42. Bxd4 Qc6+ 43. Kh2 Rd7 44. b5 Qf3 45. Rxc4 Qg3+ 46. Kh1 Qxh3+ 47. Kg1 Qxg4+ 48. Kf1 Qf3+ 49. Ke1 Rxd4 50. Rxd4 Qe3+ 51. Kf1 Qxd4 52. c6 Bc5 53. c7 f3 0-1

[Event "COL-ch U20"]
[Site "Cali"]
[Date "2024.02.29"]
[Round "2"]
[White "Cano Alcaraz, Juan Jose"]
[Black "Ayala Delgado, Sergio Alejandro"]
[Result "1-0"]
[WhiteElo "1764"]
[BlackElo "2089"]
[PlyCount "55"]
[EventDate "2024.02.28"]
[EventType "swiss"]
[EventRounds "9"]
[EventCountry "COL"]
[SourceTitle "CB11_2024"]
[SourceDate "2024.03.13"]
[SourceVersion "1"]
[SourceVersionDate "2024.03.13"]
[SourceQuality "1"]

1. e4 e5 2. Nf3 Nc6 3. Bb5 a6 4. Ba4 Nf6 5. 0-0 d6 6. Re1 Bd7 7. c3 g6 8. h3 Bg7 9. d3 0-0 10. Bc2 h6 11. Nbd2 Nh5 12. Nf1 Qe8 13. g4 Nf6 14. Ng3 h5 15. Nh2 Qc8 16. f3 d5 17. Kh1 dxe4 18. dxe4 Nd8 19. Rg1 h4 20. Nf5 gxf5 21. gxf5 Nh5 22. Qe1 Ng3+ 23. Rxg3 hxg3 24. Qxg3 Ne6 25. Bh6 Kh7 26. Qh4 f6 27. Rg1 Bxh6 28. Rg6 1-0

[Event "Medellin Flores op 30th"]
[Site "Medellin"]
[Date "2023.08.06"]
[Round "6"]
[White "Ayala Delgado, Sergio Alejandro"]
[Black "Velasquez, Gabriel"]
[Result "1-0"]
[WhiteElo "1804"]
[BlackElo "2069"]
[PlyCount "81"]
[EventDate "2023.08.03"]
[EventType "swiss"]
[EventRounds "9"]
[EventCountry "COL"]
[SourceTitle "CBM 215 Extra"]
[Source "ChessBase"]
[SourceDate "2023.09.30"]
[SourceVersion "1"]
[SourceVersionDate "2023.09.30"]
[SourceQuality "1"]

1. e4 c5 2. Nf3 d6 3. c3 Nc6 4. d4 cxd4 5. cxd4 g6 6. Nc3 Bg7 7. Be3 Nf6 8. Be2 0-0 9. 0-0 a6 10. a4 Bg4 11. h3 Bxf3 12. Bxf3 e5 13. d5 Ne7 14. Qb3 Qd7 15. a5 Ne8 16. Ra4 Nc8 17. Rb4 Rb8 18. Be2 f5 19. Bxa6 Rf7 20. Bb5 Qd8 21. Bb6 Nc7 22. Bxc7 Qxc7 23. a6 f4 24. Bc6 b6 25. Nb5 Qd8 26. f3 Bf8 27. Rc1 Na7 28. Nxa7 Rxa7 29. Bb7 Rbxb7 30. axb7 Rxb7 31. Qa4 Rc7 32. Rbc4 Rc5 33. b4 b5 34. bxc5 bxa4 35. c6 Qc7 36. Rb4 Qa7+ 37. Kh2 Qe3 38. Rbc4 Be7 39. c7 Bh4 40. c8Q+ Kg7 41. Rc7+ 1-0

[Event "COL-ch U14"]
[Site "Cartagena"]
[Date "2023.04.14"]
[Round "3"]
[White "Perez Leyton, Jafet Yesid"]
[Black "Ayala Delgado, Sergio Alejandro"]
[Result "0-1"]
[WhiteElo "1459"]
[BlackElo "1744"]
[PlyCount "70"]
[EventDate "2023.04.13"]
[EventType "swiss"]
[EventRounds "7"]
[EventCountry "COL"]
[SourceTitle "CBM 213 Extra"]
[Source "ChessBase"]
[SourceDate "2023.05.31"]
[SourceVersion "1"]
[SourceVersionDate "2023.05.31"]
[SourceQuality "1"]

1. e4 e5 2. Nf3 Nc6 3. Bc4 Nf6 4. d3 Bc5 5. Be3 Bb6 6. h3 h6 7. 0-0 0-0 8. Nc3 d6 9. d4 exd4 10. Nxd4 Re8 11. Nxc6 bxc6 12. Re1 Be6 13. Bxe6 Rxe6 14. Qf3 Rb8 15. b3 Qe7 16. Bd2 Re8 17. Qd3 Nd7 18. Bf4 Nc5 19. Qf3 Nxe4 20. Nxe4 Rxe4 21. Bd2 Kf8 22. Qf5 Kg8 23. Qf3 d5 24. Rad1 Qc5 25. c3 Qd6 26. Be3 Qg6 27. Rd2 d4 28. cxd4 Ba5 29. Rc1 Rxe3 30. fxe3 Bxd2 31. Rxc6 Qb1+ 32. Kh2 Bxe3 33. Rxc7 Qg1+ 34. Kg3 Qe1+ 35. Kg4 h5+ 0-1